000 00223nam a2200097Ia 4500
008 220204s9999 xx 000 0 und d
082 _a82-3
_bMIL
100 _aMillard, Joe
245 0 _aBlood for a dirty dollar
942 _cBK
999 _c38748
_d38748